Culpabilidad y pena
Guardat en:
| Autor principal: | |
|---|---|
| Format: | Llibre |
| Idioma: | espanyol |
| Publicat: |
Santiago
Jurídica de Chile
2016
|
| Edició: | 2a. ed |
| Matèries: | |
| Etiquetes: |
Afegir etiqueta
Sense etiquetes, Sigues el primer a etiquetar aquest registre!
|
MARC
| LEADER | 00000cam a2200000 a 4500 | ||
|---|---|---|---|
| 001 | UCD5574 | ||
| 003 | CL-VaPUC | ||
| 008 | 160922e20160000cl |||||||||||||||||spa|d | ||
| 020 | |a 9789561023987 | ||
| 082 | 0 | 4 | |a 345.04 |b KUN |2 21 |
| 100 | |a Künsemüller Loebenfelder, Carlos |e autor |9 589369 | ||
| 245 | 1 | 0 | |a Culpabilidad y pena |
| 250 | |a 2a. ed | ||
| 300 | |a 333 p | ||
| 942 | |c BK | ||
| 945 | |d 20160922 22:24:00 |a dcastane | ||
| 260 | |a Santiago |b Jurídica de Chile |c 2016 | ||
| 650 | 0 | |a Penas |9 255927 | |
| 650 | 7 | |a CULPABILIDAD |2 CL-VaPUC |9 351694 | |
| 650 | 0 | |a Culpabilidad penal |9 460733 | |
| 650 | 7 | |a DERECHO PENAL CHILENO |2 CL-VaPUC |9 589370 | |
| 583 | |a last modification |c 20160922 22:24:00 |k Rodrigo Vera | ||
| 999 | |c 366227 |d 366225 | ||
| 952 | |0 0 |1 0 |3 erb |4 0 |6 345_040000000000000_KUN_2016 |7 0 |8 A |9 480300 |a BIBDER |b BIBDER |i 5342236 |l 5 |m 1 |o 345.04 KUN 2016 |p 5342236 |r 2022-05-02 |s 2022-04-05 |w 2019-11-24 |y BK |z Catalogado en:20160922 |k DER | ||